Statistics for Cities in the Country quiz #1

Click here to take the quiz!

General Stats

  • This quiz has been taken 47 times
    (30 since last reset)
  • The average score is 61 of 80

Answer Stats

QuestionTileSelect% Correct
ChinaBaltimoreNo
100%
ChinaDiliNo
100%
ChinaKuala LumpurNo
100%
ChinaKyotoNo
100%
ChinaUlan BaatarNo
100%
ChinaVientianeNo
100%
ChinaYamatoNo
100%
ChinaSaigonNo
96%
ChinaShanghaiYes
96%
RussiaTashkentNo
96%
RussiaUlan BaatarNo
96%
RussiaXianNo
96%
BrazilCaracasNo
93%
AustraliaGrise FjordNo
93%
AustraliaIqaluitNo
93%
BrazilLisbonNo
93%
RussiaOlympiaNo
93%
AustraliaTromsøNo
93%
RussiaAstanaNo
89%
BrazilBelmopanNo
89%
RussiaMoscowYes
89%
CanadaOttawaYes
89%
AustraliaSuvaNo
89%
CanadaTromsøNo
89%
RussiaBishkekNo
86%
BrazilBogotaNo
86%
AustraliaInvercargillNo
86%
BrazilIquitosNo
86%
CanadaLaredoNo
86%
CanadaMagadanNo
86%
AustraliaPolarisNo
86%
BrazilRio De JaneiroYes
86%
ChinaWuhanYes
86%
ChinaXianYes
86%
AustraliaAucklandNo
82%
CanadaBilmaNo
82%
AustraliaBrisbaneYes
82%
AustraliaChristchurchNo
82%
ChinaGuangzhouYes
82%
BrazilManaguaNo
82%
BrazilSan SalvadorNo
82%
AustraliaWhangareiNo
82%
CanadaGlitter StyNo
79%
BrazilSantiagoNo
79%
BrazilSao PauloYes
79%
BrazilValparaisoNo
79%
CanadaVancouverYes
79%
RussiaVladivostokYes
79%
RussiaVolgogradYes
79%
AustraliaYorkNo
79%
AustraliaAdelaideYes
75%
BrazilBuenos AiresNo
75%
CanadaMontpelierNo
75%
CanadaOmahaNo
75%
ChinaShenyangYes
75%
CanadaFargoNo
71%
ChinaHong KongYes
71%
CanadaJuneauNo
71%
RussiaSt PetersburgYes
71%
RussiaTsargradNo
71%
ChinaChongqingYes
64%
AustraliaDarwinYes
64%
ChinaTianjinYes
64%
CanadaVictoriaYes
64%
RussiaBolshevikgradNo
61%
RussiaSaratovYes
61%
AustraliaAlice SpringsYes
57%
AustraliaHobartYes
57%
BrazilManausYes
57%
RussiaYakutskYes
57%
BrazilBelo HorizonteYes
54%
BrazilRecifeYes
54%
BrazilFortalezaYes
46%
CanadaIqaluitYes
46%
CanadaWhitehorseYes
46%
CanadaHappy Valley Goose BayYes
36%
RussiaPermYes
36%
RussiaMagadanYes
21%
AustraliaKarrathaYes
14%
CanadaGrise FiordYes
4%

Score Distribution

Percentile by Number Answered

Percent of People with Each Score

Your Score History

You have not taken this quiz since the last reset